Feasibility and accuracy of fusion imaging during thoracic endovascular aortic repair

To evaluate accuracy and feasibility of fusion imaging during thoracic endovascular aortic repair (TEVAR).

Saved in:
Bibliographic Details
Main Authors: Schulz, Christof (Author) , Schmitt, Matthias (Author) , Böckler, Dittmar (Author) , Geisbüsch, Philipp (Author)
Format: Article (Journal)
Language:English
Published: 2016
In: Journal of vascular surgery
Year: 2015, Volume: 63, Issue: 2, Pages: 314-322
ISSN:1097-6809
DOI:10.1016/j.jvs.2015.08.089
Online Access:Resolving-System, lizenzpflichtig, Volltext: https://doi.org/10.1016/j.jvs.2015.08.089
Verlag, lizenzpflichtig, Volltext: http://www.sciencedirect.com/science/article/pii/S074152141501839X
Get full text
Author Notes:Christof Johannes Schulz, Matthias Schmitt, Dittmar Böckler, and Philipp Geisbüsch

MARC

LEADER 00000caa a2200000 c 4500
001 1698802471
003 DE-627
005 20220818095929.0
007 cr uuu---uuuuu
008 200526r20162015xx |||||o 00| ||eng c
024 7 |a 10.1016/j.jvs.2015.08.089  |2 doi 
035 |a (DE-627)1698802471 
035 |a (DE-599)KXP1698802471 
035 |a (OCoLC)1341326508 
040 |a DE-627  |b ger  |c DE-627  |e rda 
041 |a eng 
084 |a 33  |2 sdnb 
100 1 |a Schulz, Christof  |d 1990-  |e VerfasserIn  |0 (DE-588)1152848607  |0 (DE-627)1014117143  |0 (DE-576)499937597  |4 aut 
245 1 0 |a Feasibility and accuracy of fusion imaging during thoracic endovascular aortic repair  |c Christof Johannes Schulz, Matthias Schmitt, Dittmar Böckler, and Philipp Geisbüsch 
264 1 |c 2016 
300 |a 9 
336 |a Text  |b txt  |2 rdacontent 
337 |a Computermedien  |b c  |2 rdamedia 
338 |a Online-Ressource  |b cr  |2 rdacarrier 
500 |a Available online 10 November 2015 
500 |a Gesehen am 26.05.2020 
520 |a To evaluate accuracy and feasibility of fusion imaging during thoracic endovascular aortic repair (TEVAR). 
534 |c 2015 
700 1 |a Schmitt, Matthias  |e VerfasserIn  |4 aut 
700 1 |a Böckler, Dittmar  |d 1966-  |e VerfasserIn  |0 (DE-588)1032367881  |0 (DE-627)738382868  |0 (DE-576)173503969  |4 aut 
700 1 |a Geisbüsch, Philipp  |d 1978-  |e VerfasserIn  |0 (DE-588)130138061  |0 (DE-627)491722222  |0 (DE-576)298019787  |4 aut 
773 0 8 |i Enthalten in  |t Journal of vascular surgery  |d Amsterdam [u.a.] : Elsevier, 1984  |g 63(2016), 2, Seite 314-322  |h Online-Ressource  |w (DE-627)302720146  |w (DE-600)1492043-8  |w (DE-576)088704807  |x 1097-6809  |7 nnas  |a Feasibility and accuracy of fusion imaging during thoracic endovascular aortic repair 
773 1 8 |g volume:63  |g year:2016  |g number:2  |g pages:314-322  |g extent:9  |a Feasibility and accuracy of fusion imaging during thoracic endovascular aortic repair 
856 4 0 |u https://doi.org/10.1016/j.jvs.2015.08.089  |x Resolving-System  |x Verlag  |z lizenzpflichtig  |3 Volltext 
856 4 0 |u http://www.sciencedirect.com/science/article/pii/S074152141501839X  |x Verlag  |z lizenzpflichtig  |3 Volltext 
951 |a AR 
992 |a 20200526 
993 |a Article 
994 |a 2016 
998 |g 130138061  |a Geisbüsch, Philipp  |m 130138061:Geisbüsch, Philipp  |d 910000  |d 910200  |e 910000PG130138061  |e 910200PG130138061  |k 0/910000/  |k 1/910000/910200/  |p 4  |y j 
998 |g 1032367881  |a Böckler, Dittmar  |m 1032367881:Böckler, Dittmar  |d 910000  |d 910200  |e 910000PB1032367881  |e 910200PB1032367881  |k 0/910000/  |k 1/910000/910200/  |p 3 
998 |g 1152848607  |a Schulz, Christof  |m 1152848607:Schulz, Christof  |d 910000  |d 910200  |e 910000PS1152848607  |e 910200PS1152848607  |k 0/910000/  |k 1/910000/910200/  |p 1  |x j 
999 |a KXP-PPN1698802471  |e 3671160756 
BIB |a Y 
SER |a journal 
JSO |a {"physDesc":[{"extent":"9 S."}],"origin":[{"dateIssuedKey":"2016","dateIssuedDisp":"2016"}],"id":{"doi":["10.1016/j.jvs.2015.08.089"],"eki":["1698802471"]},"recId":"1698802471","relHost":[{"titleAlt":[{"title":"JVS"},{"title":"Vascular surgery"}],"title":[{"title_sort":"Journal of vascular surgery","title":"Journal of vascular surgery"}],"disp":"Feasibility and accuracy of fusion imaging during thoracic endovascular aortic repairJournal of vascular surgery","recId":"302720146","origin":[{"dateIssuedDisp":"1984-","dateIssuedKey":"1984","publisherPlace":"Amsterdam [u.a.] ; St. Louis, Mo.","publisher":"Elsevier ; Mosby"}],"type":{"bibl":"periodical","media":"Online-Ressource"},"language":["eng"],"note":["Gesehen am 15.01.20"],"pubHistory":["1.1984 -"],"part":{"volume":"63","extent":"9","pages":"314-322","year":"2016","text":"63(2016), 2, Seite 314-322","issue":"2"},"physDesc":[{"extent":"Online-Ressource"}],"id":{"zdb":["1492043-8"],"eki":["302720146"],"issn":["1097-6809"]}}],"note":["Available online 10 November 2015","Gesehen am 26.05.2020"],"title":[{"title_sort":"Feasibility and accuracy of fusion imaging during thoracic endovascular aortic repair","title":"Feasibility and accuracy of fusion imaging during thoracic endovascular aortic repair"}],"language":["eng"],"person":[{"family":"Schulz","display":"Schulz, Christof","role":"aut","given":"Christof"},{"display":"Schmitt, Matthias","role":"aut","given":"Matthias","family":"Schmitt"},{"family":"Böckler","role":"aut","display":"Böckler, Dittmar","given":"Dittmar"},{"given":"Philipp","display":"Geisbüsch, Philipp","role":"aut","family":"Geisbüsch"}],"type":{"bibl":"article-journal","media":"Online-Ressource"},"name":{"displayForm":["Christof Johannes Schulz, Matthias Schmitt, Dittmar Böckler, and Philipp Geisbüsch"]}} 
SRT |a SCHULZCHRIFEASIBILIT2016